000 00509nam a22001937a 4500
005 20230120132626.0
008 230120b ||||| |||| 00| 0 eng d
020 _a9789391883027
040 _aIN-DiNC
_cIN-DiNC
041 _dasm
082 _a338.5
_bAHM
100 _aAhmed, Rafique
_eauthor
245 _aAdhunik Byastigata Arthabigyan
_cby Rafique Ahmed
250 _a1st ed.
260 _aJorhat:
_bUnika prakashan,
_c2022
300 _a296p.
650 _aAdvanced microeconomics
942 _2ddc
_cBK
999 _c11465
_d11465